| 000 | 00619nam a2200217 i 4500 | ||
|---|---|---|---|
| 001 | 112172 | ||
| 003 | ES-MaACL | ||
| 005 | 20260525062931.0 | ||
| 007 | t| | ||
| 008 | 061121s1973 sp r ||||1| spa d | ||
| 080 | _a821.134.2(72)-31"19" | ||
| 100 | 1 |
_aMuñoz , Rafael F. _984344 |
|
| 245 | 1 | 0 |
_aSe llevaron el cañón para Bachimba / _cRafael Felipe Muñoz. |
| 250 | _a4ª ed. | ||
| 260 |
_aMadrid : _bEspasa Calpe, _c1973. |
||
| 300 |
_a168 p. ; _c18 cm. |
||
| 490 | 1 |
_aColección Austral ; _v178 |
|
| 830 | 0 |
_aColección austral _v178 _9177655 |
|
| 852 |
_aES-MaACL _jL-7551 _bR.107560 |
||
| 999 |
_c112172 _d112172 |
||